02082nam a2200265 i 4500001001300000003000600013005001700019008004100036020001800077035006000095040006200155041000800217050002300225110003300248245009000281250003300371260007200404300004000476490003200516500005900548504006700607505025100674520086300925650002801788on1294286011OCoLC20251022142534.0220131s2022 enka b 001 0 eng d a9781399404136 a(OCoLC)1294286011z(OCoLC)1294137106z(OCoLC)1294218054 aYDXbengerdacYDXdUKMGBdOCLCFdCLEdGO4dCLEdIMFdUOH aeng 4aHD58.6b.N334 2022 aBloomsbury (Firm)epublisher00aNegotiate successfullyb: how to find win-win situations and still get what you need. aRevised and updated edition. aLondon :bBloomsbury Business :bBloomsbury Publishing Plc.,c2022. a96 pages :billustrations ;c18 cm. aBusiness essentials series. aFirst published in Great Britain in 2004 by A&C Black. aIncludes bibliographical references (pages 91-[94]) and index.0 aDeveloping negotiating skills — Using non-verbal communication — Planning your negotiation — Coping in difficult negotiations — Negotiating by email — Negotiating with people from other cultures — Negotiating the pay rise you deserve. aA clear explanation of the art of negotiation, with practical advice on how to prepare, how to keep cool under pressure, and how body language can be used to your advantage. All of us negotiate every day in different ways--whether that's in a work setting, using professional partners, or even at home. But for many people it's a nerve-wracking experience that leaves them feeling awkward, tongue-tied and at a disadvantage. This book will explain the dynamics of a successful negotiation, allowing you to understand the full process and apply the guidance to your own situations. It will help you to build your confidence and allow you to find the results that are right for you, with practical advice on the basic principles of negotiation, how to prepare, how to keep cool under pressure, and how to understand and use body language to achieve your goals. 0aNegotiation in business